Những bước khởi đầu Hồi ký của Lê Thị Hoa Sen nguyên hội trưởng hội giải phóng Tây Ninh
Uloženo v:
| Hlavní autor: | |
|---|---|
| Médium: | Kniha |
| Vydáno: |
H.
Phụ nữ
1979
|
| Témata: | |
| Tagy: |
Přidat tag
Žádné tagy, Buďte první, kdo otaguje tento záznam!
|
| Thư viện lưu trữ: | Trung tâm Học liệu Lê Vũ Hùng, Trường Đại học Đồng Tháp |
|---|
| LEADER | 00757pam a22002178a 4500 | ||
|---|---|---|---|
| 001 | 00019951 | ||
| 005 | 20171026081022.0 | ||
| 008 | 110509s1979 ||||||Viesd | ||
| 041 | 0 | # | |a Vie |
| 082 | 1 | 4 | |a 895.922 803 |b NH556B |
| 100 | 0 | # | |a Vân Anh |
| 245 | 0 | 0 | |a Những bước khởi đầu |b Hồi ký của Lê Thị Hoa Sen nguyên hội trưởng hội giải phóng Tây Ninh |c Vân Anh |
| 260 | # | # | |a H. |b Phụ nữ |c 1979 |
| 300 | # | # | |a 102 tr. |c 19 cm. |
| 650 | # | 4 | |a Hồi ký |
| 653 | # | # | |a Việt Nam |
| 653 | # | # | |a Văn học hiện đại |
| 852 | # | # | |b Kho đọc |j KD.0005423 |
| 852 | # | # | |j KD.0005423 |
| 910 | 0 | # | |a nhnam |d 09/05/2011 |
| 980 | # | # | |a Trung tâm Học liệu Lê Vũ Hùng, Trường Đại học Đồng Tháp |